000 00816nam a22002777a 4500
001 BR8302898
003 BR-BrBNA
005 20230928091655.0
007 ta
008 230509b bl.||||| |||| 00| 0 por d
040 _aBR-BrBNA
_bpor
_cBiblioteca Nacional de Agricultura
041 _a(Por)
072 _aE30
_b/G514
090 _ E30 BR8302898
110 1 _aSuperintendencia da Zona Franca de Manaus, AM (Brasil)
_910029
245 1 _aAvaliacao do distrito agropecuario. Relatorio [Zona Franca, Manaus, Brasil]
260 3 _aManaus, AM (Brasil):
_c1983.
300 _a162 p.
650 _aDESENVOLVIMENTO AGRICOLA
650 _aDESENVOLVIMENTO ECONOMICO
650 _aPROJETO DE DESENVOLVIMENTO
650 _aZONA FRANCA
650 _aMANAUS
909 _a202309
_bLucia
_c55
_dLucia Elande
942 _cBK
999 _c34955
_d34955